| 000 | 004790000a22001930004500 | ||
|---|---|---|---|
| 001 | 003131 | ||
| 003 | MACL | ||
| 005 | 20150728142506.0 | ||
| 008 | 150728b xxu||||| |||| 00| 0 eng d | ||
| 040 |
_aMACL _cMACL |
||
| 041 | _aEnglish | ||
| 082 | _a332.024/DUT | ||
| 100 |
_aDutt, Ashu _92867 |
||
| 245 |
_aThe Penguin Guide To Personal Finance _cAshu Dutt |
||
| 260 |
_aNew Delhi _c1999 _bPenguin Books, |
||
| 350 | _a250 | ||
| 650 |
_aEconomics _92868 |
||
| 942 |
_k332 _cBK _2ddc |
||
| 999 |
_c15037 _d15037 |
||